Normal view
MARC view
- Eastman ,Kodak
Entry Personal Name
001 - CONTROL NUMBER
- control field: 4280
003 - CONTROL NUMBER IDENTIFIER
- control field: OSt
005 - DATE AND TIME OF LATEST TRANSACTION
- control field: 20190925101150.0
008 - FIXED-LENGTH DATA ELEMENTS
- fixed length control field: 190925|| aca||aabn | a|a d
040 ## - CATALOGING SOURCE
- Original cataloging agency: OSt
- Transcribing agency: OSt
100 ## - HEADING--PERSONAL NAME
- Personal name: Eastman ,Kodak
670 ## - SOURCE DATA FOUND
- Source citation: Work cat.: (OSt): Eastman ,Kodak, Take Better Pictures : A Practical Guide to Creative Photography , 1983
